| 000 | 00455cam a2200169 4500 | ||
|---|---|---|---|
| 001 | D11756 | ||
| 008 | 090401t1983 xxu||||| |||| 00| 0 eng d | ||
| 035 | _a(Sirsi) u99515 | ||
| 041 | _aeng | ||
| 100 | _aWatts, Ted | ||
| 245 | _aConservation: an indulgence or a means to an end | ||
| 260 | _c1983 | ||
| 350 | _a0 | ||
| 520 | _aIn RICS Annual conference 1983: resources and opportunities. 1983/19 ABC (Booklet 2) | ||
| 942 | _n0 | ||
| 948 | _c04/03/1997 | ||
| 999 |
_c99367 _d99367 |
||